000 00663nam a2200217Ia 4500
003 GCL
008 140319s9999 xx 000 0 ara d
040 _aGCL /
_cGCL
082 0 4 _a622.18282
_bم ش
100 1 _aرشاد مهدى هاشم (مترجم)
245 1 0 _aالشركات النفطية العالمية /
_cرشاد مهدى هاشم (مترجم)
700 1 _aفيج، ميلا
700 1 _aبلوشار
260 _a[S.N] :
_bجامعة الموصل ،
_c1985
300 _a110
490 _a
650 0 4 _aالبترول
650 0 4 _aالتنقيب عن الاثار
650 0 4 _aالتنقيب عن البترول
942 _2ddc
_cBK
999 _c37106
_d37106